000 00922nam a2200241 a 4500
008 120416s2010 ||||||||||||||||| || u
020 _a9789290451990
050 _aUNIDIR(08)MNFC/10
100 _aYudin, Yury
245 1 0 _aMultilateralization of the nuclear fuel cycle: helping to fulfil the NPT grand bargain
_cedited by Yury Yudin
260 _aGeneva:
_bUNITED NATIONS
_c2010
300 _axv, 67p.: ill.
350 _a0.00
362 1 _a<p>UNIDIR/2010/10</p>
490 _aMultilateralization of the Nuclear Fuel Cycle
490 _v2010/10
650 _aENERGY
650 _aURANIUM ENRINCHMENT
650 _aENERGY POLICY--INTERNATIONAL COOPERATION
650 _aNuclear fuels
710 _aUnited Nations Institute for Disarmament Research (UNIDIR)
995 _FCBU-MAIN LIBRARY (Kitwe)
_I0.00
_M1
_UAVAILABLE
_WMar 14, 2013
_ZInternational Publications
999 _c51771
_d51771